01060 2200409 4500001002100000005001500021035002000036007000300056008004100059020002200100082001000122084001600132100001100148245009800159250001000257260009500267300003800362650002100400700001500421700001600436700001900452504002600471990001100497990001100508990001100519990001100530990001100541990001100552990001000563990001100573990001100584990001100595990001100606990001100617990001100628990001100639INLIS00000000000821120210414085942 a0010-0421000355ta210414 g 0 ind  a978-602-73503-8-0 aR.808 aR.808 SAR a0 aSARMAN1 aAnalisa Cerita Rakyat Bangka Belitung /cSarman, Ali Usman, Budi Utomo; editor, Akhmad Elvian acet.1 aPangkalpinang :bDinas Kebudayaan dan Pariwisata Provinsi Kepulauan Bangka Belitung,c2017 aviii, 176 hal. :bilus. ;c29 cm. 4aPENULISAN TEKNIS0 aALI, Usman0 aBUDI, Utomo0 aAKHMAD, Elvian aBibliografi : hal.176 a8110 a a8110 b a8110 c a8110 d a8110 e a8110 f a8110g a8110 g a8110 a a8110 b a8110 c a8110 d a8110 e a8110 f